LEADER 01647nam0 22003251i 450 001 UON00223777 005 20231205103427.8 100 $a20030730d1977 |0itac50 ba 101 $aita 102 $aIT 105 $a|||| 1|||| 200 1 $aProblemi della ricostruzione in linguistica$eatti del Convegno Internazionale di Studi, Pavia, 1-2 ottobre 1975$fSLI, Società di Linguistica Italiana$ga cura di Raffaele Simone e Ugo Vignuzzi 210 $aRoma$cBulzoni$d1977 215 $aVI, 360 p.$d21 cm. 410 1$1001UON00067620$12001 $aPubblicazioni della Societa' di linguistica italiana$v11 606 $aCONGRESSI E CONVEGNI$xPavia$x1975$3UONC081239$2FI 606 $aLinguistica$xCongressi$xPavia$x1975$3UONC081238$2FI 620 $aIT$dRoma$3UONL000004 676 $a410$cLinguistica$v21 702 1$aSimone$bRaffaele$3UONV053522 702 1$aVignuzzi$bUgo$3UONV097124 710 02$aSocietà di Linguistica Italiana$3UONV053520$0330439 712 $aBulzoni$3UONV265597$4650 801 $aIT$bSOL$c20251024$gRICA 912 $aUON00223777 950 $aSIBA - SISTEMA BIBLIOTECARIO DI ATENEO$dSI ITA Ling 0127 $eSI LO 14979 5 0127 950 $aSIBA - SISTEMA BIBLIOTECARIO DI ATENEO$dSI Collane S.L.I 11 $eSI LO 6877 7 11 950 $aSIBA - SISTEMA BIBLIOTECARIO DI ATENEO$dSI Port Ling II 0473 $eSI LO 10249 5 0473 996 $aProblemi della ricostruzione in linguistica$91044833 997 $aUNIOR